Statistics for Iconic Artists and their Works

Click here to take the quiz!

General Stats

  • This quiz has been taken 214 times
  • The average score is 19 of 40

Answer Stats

HintAnswer% Correct
"Mona Lisa" by Leonardo da Vinci, 1506
94%
"Starry Night" by Vincent Van Gogh, 1889
92%
"The Scream" by Edvard Munch, 1893
91%
"Water Lilies and the Japanese Bridge" by Claude Monet, 1899
88%
"Girl with a Pearl Earring" by Johannes Vermeer, 1665
81%
"Woman's Head" by Pablo Picasso, 1908
80%
"The Railway" by Edouard Manet, 1872
73%
"Luncheon of the Boating Party" by Pierre Auguste Renoir, 1881
72%
"The Dance Class" by Edgar Degas, 1874
71%
"The Sistine Madonna" by Raffaello Sanzio da Urbino (Raphael), 1483
65%
"Storm on the Sea of Galilee" by Rembrandt van Rijn (Rembrandt), 1633
65%
"A Sunday Afternoon on La Grande Jatte" by Georges Seurat, 1886
64%
"Rain, Steam and Speed - The Great Western Railway" by Joseph Mallord William Turner (J.M.W. Turner), 1844
63%
"American Gothic" by Grant Wood, 1930
63%
"Whistler's Mother" by James McNeill Whistler, 1871
62%
"Composition 6" by Wassily Kandinsky, 1913
59%
"The Libyan Sibyl" by Michelangelo di Lodovico Buonarroti Simoni (Michaelangelo), 1511
58%
"Apples and Oranges" by Paul Cezanne, 1895
56%
"The Sunflower" by Gustav Klimt, 1906
55%
"Tableau I" by Piet Mondrian, 1921
54%
"I and the Village" by Marc Chagall, 1911
50%
"The Arnolfini Wedding" by Jan van Eyck, 1434
42%
"Napoleon Crossing the Alps" by Jacques-Louis David, 1801
42%
"Young Hare" by Albrecht Durer, 1502
40%
"At the Moulin Rouge" by Henri de Toulouse-Lautrec (Toulouse-Lautrec), 1890
40%
"The Annunciation" by Sandro Botticelli, 1489
36%
"The Great Wave Off Kanagawa" by Katsushika Hokusai, 1830
31%
"Red Balloon" by Paul Klee, 1922
27%
"Old Woman Frying Eggs" by Diego Velázquez, 1618
24%
"The Grand Canal and the Church of Salute" by Giovanni Antonio Canal (Canaletto), 1730
24%
"The Entrance to the Village of Voisins" by Camille Pissarro, 1872
23%
"The Wine Shop" by Edward Hopper, 1908
22%
"Summertime" by Mary Cassat, 1894
19%
"Kitwancool" by Emily Carr, 1928
17%
"When Will You Marry?" by Paul Gauguin, 1892
14%
"Saint George and the Dragon" by Paolo Uccello, 1470
14%
"The Railway Crossing" by Fernand Leger, 1919
13%
"Blue and Green Music" by Georgia O'Keeffe, 1921
13%
"An Experiment with a Bird in an Air Pump" by Joseph Wright of Derby (Derby), 1768
8%
"God Speed" by Edmund Leighton, 1900
6%

Score Distribution

Percentile by Number Answered

Percent of People with Each Score

Your Score History

You have not taken this quiz